[Event "SEMI D004 corr"]
[Site "SEMI email"]
[Date "1999.??.??"]
[Round "?"]
[White "Schleip, Torsten"]
[Black "Compagno, Marco"]
[Result "1-0"]
[WhiteElo "1000"]
[BlackElo "1000"]
[PlyCount "33"]
[EventDate "1999.05.24"]
[EventType "tourn (corr)"]
[EventRounds "10"]
[EventCountry "ITA"]
[SourceTitle "Corr 2002"]
[Source "ChessBase"]
[SourceDate "2002.05.23"]
[SourceVersion "1"]
[SourceVersionDate "2002.05.23"]
[SourceQuality "1"]

1. e4 c5 2. Nf3 b6 3. Bc4 g6 4. c3 Bg7 5. d3 Nc6 6. 0-0 e6 7. Bg5 Nf6 8. e5 Nxe5 9. Nxe5 h6 10. Qf3 Rb8 11. Qg3 hxg5 12. Nxf7 Kxf7 13. Qxb8 a5 14. Nd2 d5 15. Bb3 Ng4 16. Nf3 c4 17. dxc4 1-0